| 000 | 00839cam a22002653a 4500 | ||
|---|---|---|---|
| 001 | 31288 | ||
| 003 | PGUSA | ||
| 005 | 20140828083657.0 | ||
| 008 | 100215s2010||||xxu|||||s|||||000 1 eng d | ||
| 040 |
_aPGUSA _beng |
||
| 042 | _adc | ||
| 050 | 4 | _aPQ | |
| 100 | 1 | _aErckmann-Chatrian | |
| 245 | 1 | 4 |
_aThe Conscript : _bA Story of the French war of 1813 _h[electronic resource] / _cErckmann-Chatrian |
| 260 |
_bProject Gutenberg, _c2010 |
||
| 500 | _aSequel: Waterloo, #31289. | ||
| 506 | _aPublic domain in the USA. | ||
| 516 | _aElectronic text | ||
| 653 | _aNapoleon I, Emperor of the French, 1769-1821 -- Fiction | ||
| 653 | _aNapoleonic Wars, 1800-1815 -- Fiction | ||
| 653 | _aWars of Liberation, 1813-1814 -- Fiction | ||
| 830 | 0 |
_aProject Gutenberg _v31288 |
|
| 856 | 4 | 0 | _uhttp://www.gutenberg.org/ebooks/31288 |
| 942 | _cEB | ||
| 999 |
_c260543 _d260543 |
||